| 000 | 00839nam a2200205 i 4500 | ||
|---|---|---|---|
| 001 | 160717 | ||
| 003 | ES-MaACL | ||
| 005 | 20250824053551.0 | ||
| 008 | 931025s1847 sp |||| | spa d | ||
| 080 | _a821.133.1-23"18" | ||
| 245 | 0 | 4 |
_a[La noche de S. Bartolomé de 1572 _b: drama en cinco actos / _ctraducido del francés por Ramón de Navarrete, para representarse en Madrid el año de 1847]. |
| 260 |
_aMadrid : _bVicente de Lalama, _c1847. |
||
| 300 |
_a20 p. ; _c25 cm. |
||
| 490 | 1 | _aBiblioteca Dramática | |
| 594 | _aTítulo y autor tomado de principio del texto, sin portada. | ||
| 700 | 1 |
_aNavarrete, Ramón de, _d1818-1897 _985042 |
|
| 830 | 0 | 0 |
_aBiblioteca dramática _9242024 |
| 852 |
_aES-MaACL _jG-6372(6) _z-- Enc. hol. _z-- Enc. en un vol. facticio falto de la cub. original |
||
| 999 |
_c160717 _d160717 |
||